Programa y reglamento del concurso para la selección de un arquitecto para el Faro Monumental (Registro nro. 300109)

Detalles MARC
000 -ENCABEZADO
Número de control [NR] 01856nam a22002297a 4500
005 - FECHA Y HORA DE LA ÚLTIMA TRANSACCIÓN
control field 20150612133747.0
008 - DE LONGITUD FIJA DE DATOS DE ELEMENTOS - INFORMACIÓN GENERAL
Elementos de longitud fija [NR] 150612s1928 ||||fr|||| 000 0 spa d
040 ## - FUENTE DE CATALOGACION [NR]
Quien Cataloga Sandra Yazo
Quien Clasifica Sandra Yazo
041 0# - CODIGO DE IDIOMA [R]
Código de idioma para texto/pista de sonido o título separado [R] Español
082 ## - NUMERO DE CLASIFICACION DECIMAL DEWEY [R]
Número de la edición [NR] 20
Número de clasificación [R] 711.07
092 ## - SIGNATURA TOPOGRAFICA LOCAL
Número de clasificación local E35N067
100 1# - ASIENTO PRINCIPAL--NOMBRE PERSONAL [NR]
Nombre personal [NR] Kelsey, Albert
Fechas asociadas con el nombre [NR] 1870-1950
ID Autoridad 69619
245 10 - MENCION DE TITULO [NR]
Título [NR] Programa y reglamento del concurso para la selección de un arquitecto para el Faro Monumental
Parte restante del título [NR] Que las naciones del mundo erigirán en la República Dominicana a la memoria de Cristóbal Colón
Mención de responsabilidad, etc. [NR] Preparado por Albert Kelsey
260 ## - PUBLICACION, DISTRIBUCION, ETC. (PIE DE IMPRENTA) [R]
Lugar de publicación, distribución, etc. [R] [Lugar desconocido]
Nombre del editor, distribuidor, etc. [R] Publicado por la Unión Panamericana
Fecha de publicación, distribución, etc. [R] 1928
300 ## - DESCRIPCION FISICA [R]
Extensión [R] 72 páginas
Dimensiones [R] 34 x 25 cm.
500 ## - NOTA GENERAL [R]
Nota general [NR] Detalles físicos: Encuadernación flexible en cartulina. Tapa delantera con adornos en dorado. Guardas. Portada impresa en dos tintas. Texto impreso en una columna. Letras capitales. Algunas ilustraciones entre el texto. Un plano en hoja plegada. Texto en una y dos columnas. Ejemplar en buen estado de conservación. Tapas con roturas en bordes
505 1# - NOTA DE CONTENIDO CON FORMATO PREESTABLECIDO [R]
Nota de contenido con formato preestablecido [NR] Libro I: Historia del proyecto ; Programa del concurso preliminar ; Reglas que gobernaran las dos etapas del concurso -- Libro II: Impresiones y observaciones de un arquitecto después de haber visitado la República Dominicana: Primeras impresiones desde tres punto de vista diferentes ; El eslabón intermedio de la carretera aérea internacional ; Algunos elementos menos obvios pero más permanentes del problema ; Las condiciones atmosféricas ; La turba del mercado ; Ruinas eclesiásticas y señoriales del virreinato ; La plaza de Colón ; Ceremonia imponente y bella en la que el presidente es una de las principales figuras
506 ## - NOTA DE RESTRICCIONES DE ACCESO [R]
Condiciones de acceso [NR] Consulta en sala
650 #7 - ASIENTO SECUNDARIO DE MATERIA - TERMINO TEMATICO [R]
9 (RLIN) 19745
Término temático o nombre geográfico como elemento de entrada [NR] Monumentos
Subdivisión geográfica [R] República Dominicana
690 ## - ASUNTO AGREGADO LOCAL DE ENTRADA - TÉRMINO TEMÁTICO (OCLC, RLIN)
9 (RLIN) 42745
Acceso temático local Arquitectura
942 ## - ELEMENTOS DE ENTRADA AGREGADOS (KOHA)
Sistema de clasificación LOCAL
Tipo de ítem principal el descrito en 300a Libro
Edición 1
Clasificación E35N067
Existencias
Suprimido Perdido Sistema de clasificación Dañado No prestable Tipo de ítem específico Ubicación habitual Ubicación actual Localización Fecha de creación Forma de adquisición Costo Total préstamos Signatura topográfica Código de barras Última vez visto Ejemplar Price effective from Tipo de ítem
    LOCAL     Libro archivo Archivo Histórico Archivo Histórico Archivo histórico 12/06/2015 Donación 0.00   E35N067 L004949 12/06/2015 Ej.1 12/06/2015 Libro